000 01156nam a22002897i 4500
003 EG-ScBUE
005 20250601083938.0
008 100202s1964 maua f 000 0 eng d
040 _aEG-ScBUE
_beng
_erda
_cEG-ScBUE
_dEG-ScBUE
041 1 _aeng
_hrus
082 0 4 _222
_a530.12
_bBLO
100 1 _910854
_aBlokhint︠s︡ev, D. I.
_q(Dmitriĭ Ivanovich),
_d1908-1979,
_eauthor.
240 1 0 _aVvedenie v kvantovui︠u︡ mekhaniku.
_lEnglish
245 1 0 _aPrinciples of quantum mechanics /
_cD. I. Blokhintsev ; translated by Scripta Technica, Inc. ; edited by Sven Bjorklund, the George Washington University.
264 1 _aBoston :
_bAllyn and Bacon, Inc.,
_c1964.
300 _aix, 620 pages :
_billustrations ;
_c24 cm
336 _2rdacontent
_atext
_btxt
337 _aunmediated
_2rdamedia
_bn
338 _avolume
_bnc
_2rdacarrier
500 _aIncludes Appendices.
546 _aText in English ; translated from the original Russian language.
650 7 _910853
_aQuantum theory.
_2BUEsh
655 _vReading book
700 1 _910852
_aBjorklund, Sven,
_eeditor.
710 2 _910851
_aScripta Technica, Inc.,
_etranslator.
942 _2ddc
_cBB
999 _c13250
_d13250